| 000 | 00757nam a22001697a 4500 | ||
|---|---|---|---|
| 999 |
_c21070 _d21070 |
||
| 003 | BDDh-ASL | ||
| 005 | 20231015025950.0 | ||
| 008 | 210120s1971 us ||||| |||| 00| 0 eng d | ||
| 040 |
_aBDDh-ASL _cBDDh-ASL |
||
| 082 |
_a302.35 _bBUR |
||
| 245 | 0 | 0 | _aBureaucracy in Historical Perspective / |
| 260 |
_aLondon : _bScott, Foresman and Company, _c1971. |
||
| 300 |
_a178 p. : _c24 cm. |
||
| 650 | 0 |
_aBureaucracy, byo͝oˈräkrəsē, আমলাতন্ত্র, Āmalātantra, আমলাতান্ত্রিকতা, beadledom, bumbledom, officialdom, clericalism, beadledom, bumbledom, আধিকারিকবর্গ, আমলাবর্গ, অধিকারীর পদ _92860 |
|
| 700 | 1 |
_92857 _aDalby, Michael T. |
|
| 942 |
_2ddc _cBK |
||